00728nam a22002057a 4500999001900000005001700019010001300036020002600049035001300075037000900088082000600097100002000103245006100123260004500184270007100229300002700300700002200327942002000349952015300369 c181951d18195120211011163832.0 aB-741740 c299.00a9789388322294 aB-741740 bGift aN aRanade,Soumitra aBhrigu and the palace of mirrors / /cby-Soumitra Ranade aGurugrambHachette Book Publishingc2021 a4th and 5th Floors, Corporate Centre, Plot No.94bGurugrame122003 a181 p.c21cm(pbk)bill aRamanujam,Ruchira 2ddccCHhNmRAN 001040708FICaAVbAVd2021-10-11eGift/4.10.2021g299.00l2m1oN RANpB-741740r2022-09-17 00:00:00s2022-08-26t1v299.00w2021-10-11yCHzGift